Rendimientos de montaje para elementos prefabricados.
Uloženo v:
| Hlavní autor: | |
|---|---|
| Další autoři: | |
| Médium: | Kniha |
| Vydáno: |
[San José , Costa Rica]
1986
|
| Témata: | |
| Tagy: |
Přidat tag
Žádné tagy, Buďte první, kdo vytvoří štítek k tomuto záznamu!
|
MARC
| LEADER | 00000nam a2200000Ia 4500 | ||
|---|---|---|---|
| 003 | 004177 | ||
| 005 | 20221231144353.0 | ||
| 008 | 140114s1986 cr a m 000 ||s d | ||
| 040 | |c cru CEDI | ||
| 090 | |a TFG 1883 | ||
| 100 | |a González D., Roger |9 14074 | ||
| 245 | |a Rendimientos de montaje para elementos prefabricados. | ||
| 260 | |c 1986 |a [San José , Costa Rica] | ||
| 300 | |a [208] hojas : ilustraciones ; 28 cm. | ||
| 500 | |a Proyecto de Graduación (licenciatura en ingeniería civil)--Universidad de Costa Rica, Facultad de Ingeniería. Escuela de Ingeniería Civil | ||
| 650 | |x CONSTRUCCIONES PREFABRICADAS |9 14076 | ||
| 700 | |9 14075 |a Villalobos B., Sylvia, | ||
| 942 | |c TFG | ||
| 999 | |c 20865 |d 20865 | ||
